[Event "Najdorf Memorial"]
[Site "Warsaw POL"]
[Date "2023.07.17"]
[Round "7.32"]
[White "Adamski, Jan"]
[Black "Jedrusik, Adam"]
[Result "0-1"]
[WhiteElo "2099"]
[BlackElo "1970"]

1. c4 c6 2. d4 d5 3. e3 Nf6 4. Nc3 a6 5. Qc2 Bg4 6. Nge2 dxc4 7. a4 Nd5 8.
Ng3 Nb4 9. Qb1 c5 10. d5 Nxd5 11. Qe4 Be6 12. Bxc4 Nxc3 13. bxc3 Bxc4 14.
Qxc4 e6 15. O-O Nc6 16. e4 Qc7 17. f4 O-O-O 18. Qe2 Na5 19. c4 Nb3 20. Rb1
Nxc1 21. Rbxc1 Be7 22. e5 Rd4 23. Ne4 Rhd8 24. Rfd1 Qc6 25. Rxd4 Rxd4 26.
Nc3 g6 27. g3 Bd8 0-1

[Event "Najdorf Memorial"]
[Site "Warsaw POL"]
[Date "2023.07.17"]
[Round "7.33"]
[White "Minald, Andrey"]
[Black "Kondys, Piotr"]
[Result "1-0"]
[WhiteElo "2091"]
[BlackElo "2063"]

1. Nf3 Nf6 2. c4 e6 3. Nc3 d5 4. e3 Nbd7 5. b3 a6 6. Bb2 Bd6 7. Rc1 b6 8.
Bd3 Bb7 9. Bb1 Qe7 10. cxd5 exd5 11. Ne2 g6 12. O-O O-O 13. Ng3 Ne4 14. Nd4
f5 15. d3 Nxg3 16. hxg3 Ne5 17. Re1 Rae8 18. Nf3 Ng4 19. Qd2 h6 20. Bc3 Kh7
21. b4 Qd7 22. Bc2 Re7 23. Bb3 Rfe8 24. Bd4 Qb5 25. a3 a5 26. Qc2 Qa6 27.
b5 Qa8 28. a4 Ba3 29. Rcd1 Bb4 30. Re2 Qd8 31. Qa2 g5 32. Nh2 Nxh2 33. Kxh2
f4 34. Bf6 fxg3+ 35. Kg1 gxf2+ 36. Rxf2 Qd6 37. Bxe7 Rxe7 38. Rdf1 Qe5 39.
Rf7+ Rxf7 40. Rxf7+ Kg8 41. Qf2 Bd6 42. d4 Qh2+ 43. Kf1 Qh1+ 44. Ke2 Bc8
45. Rf8+ Bxf8 46. Bxd5+ 1-0

[Event "Najdorf Memorial"]
[Site "Warsaw POL"]
[Date "2023.07.17"]
[Round "7.34"]
[White "Lecki, Leonard"]
[Black "Majek, Kacper"]
[Result "1/2-1/2"]
[WhiteElo "1995"]
[BlackElo "2090"]

1. e4 e5 2. Nf3 Nc6 3. Bb5 a6 4. Ba4 Nf6 5. d3 Bc5 6. Nc3 d6 7. Bg5 h6 8.
Bxf6 Qxf6 9. Nd5 Qd8 10. c3 Ba7 11. O-O O-O 12. Re1 Ne7 13. Ne3 Ng6 14. d4
c6 15. d5 Qc7 16. Qd2 Bxe3 17. Qxe3 cxd5 18. exd5 f5 19. Rac1 e4 20. Nd2
Qa5 21. Bb3 Bd7 22. Nc4 Qc7 23. Qg3 Rf6 24. f4 exf3 25. Qxf3 b5 26. Nd2 a5
27. a3 Qa7+ 28. Qe3 Ne5 29. Qxa7 Rxa7 30. Bc2 b4 31. Nf3 Nxf3+ 32. gxf3
bxc3 33. bxc3 Rc7 34. Bb3 f4 35. c4 Bh3 36. Kf2 Rf8 37. Ba4 Rb8 38. Bc6
Rb2+ 39. Re2 Rxe2+ 40. Kxe2 Re7+ 41. Kd2 Re3 42. c5 dxc5 43. d6 Re5 44. Kc3
Re3+ 45. Kc4 Rxa3 46. d7 Bxd7 47. Bxd7 Rxf3 48. Kxc5 Kf7 49. Ra1 Re3 50.
Bg4 Kf6 51. Kd4 Re5 52. Rf1 Rb5 53. h3 Rb4+ 54. Kc5 Re4 55. Kd5 Rb4 56. Ra1
Rb5+ 57. Kc4 Re5 58. Kd4 h5 59. Bc8 Rb5 60. Ke4 g5 61. Rc1 Rb4+ 62. Kd5
Rb5+ 63. Kd4 Rb4+ 64. Kd5 Rb6 65. Rc5 a4 66. Ra5 Rb4 67. Ra6+ Kg7 68. Bf5
Rb5+ 69. Ke6 Rb7 70. Rxa4 Rb6+ 71. Ke5 Rb5+ 72. Ke4 Rb6 73. Bc8 Kf6 74. Ra5
Rb4+ 75. Kd5 f3 76. Ra6+ Kg7 77. Ra7+ Kf8 78. Ra2 Rf4 79. Rf2 g4 80. hxg4
hxg4 81. Bxg4 1/2-1/2

[Event "Najdorf Memorial"]
[Site "Warsaw POL"]
[Date "2023.07.17"]
[Round "7.35"]
[White "Persson, Andreas"]
[Black "Zaninotto, Franco"]
[Result "1-0"]
[WhiteElo "2135"]
[BlackElo "2026"]

1. d4 Nf6 2. Nf3 d5 3. g3 e6 4. Bg2 b5 5. O-O Be7 6. a4 b4 7. c4 bxc3 8.
Nxc3 O-O 9. Bf4 Nc6 10. Nb5 a6 11. Rc1 axb5 12. Rxc6 bxa4 13. Bxc7 Qe8 14.
Qc2 Bd7 15. Rb6 Bd8 16. Bxd8 Qxd8 17. Rb7 Qa5 18. Rc7 Bb5 19. Rc1 Qa6 20.
e3 Qb6 21. Ne5 Rab8 22. Qc5 Ne8 23. Qxb6 Rxb6 24. Ra7 Nd6 25. Bf1 Nc4 26.
Bxc4 dxc4 27. Rc7 g6 28. Nxc4 Bxc4 29. R1xc4 Rxb2 30. Rxa4 h5 31. Raa7 Rd2
32. Kg2 Kg7 33. Rd7 Kg8 34. Re7 Re2 35. h3 Rd2 36. Kf3 Rb2 37. e4 Rb3+ 38.
Kf4 Rb2 39. f3 Rb3 40. h4 Rd3 41. Rad7 Rb3 42. d5 exd5 43. exd5 Kg7 44. Re3
Rxe3 45. Kxe3 Kf6 46. Kd4 Rc8 47. Ra7 Rc1 48. Ra3 Ke7 49. Ke5 Re1+ 50. Kf4
Rd1 51. Ke4 Re1+ 52. Re3 Rd1 53. Rd3 Re1+ 54. Kf4 Kd6 55. Kg5 Re5+ 56. Kf6
Rf5+ 57. Kg7 g5 58. g4 hxg4 59. fxg4 Rf4 60. h5 Rxg4 61. Kxf7 Rh4 62. Kg6
g4 63. h6 1-0

[Event "Najdorf Memorial"]
[Site "Warsaw POL"]
[Date "2023.07.17"]
[Round "7.36"]
[White "Saveljevs, Aleksandrs"]
[Black "Wadelek, Karol"]
[Result "0-1"]
[WhiteElo "2028"]
[BlackElo "1943"]

1. e4 c5 2. Nc3 a6 3. g3 b5 4. Bg2 Bb7 5. d3 e6 6. Nh3 Nc6 7. O-O Qc7 8.
Ne2 Nf6 9. Nef4 g6 10. Be3 Be7 11. c3 Nd8 12. Re1 d6 13. Bf3 c4 14. a4 Rc8
15. Ng2 cxd3 16. Qxd3 Qc4 17. Qxc4 Rxc4 18. Be2 Rxa4 19. Rxa4 bxa4 20. f3
d5 21. exd5 Nxd5 22. Bd4 O-O 23. Nhf4 Nxf4 24. Nxf4 Nc6 25. Bb6 Rc8 26. Nd3
Nb8 27. Ba7 Nd7 28. Ra1 Bc6 29. Kf2 Bb5 30. f4 a3 31. Bd4 Nc5 32. Nxc5 axb2
33. Rb1 Bxc5 34. Rxb2 Bxd4+ 35. cxd4 Bxe2 36. Kxe2 a5 37. Kd3 Kg7 38. Rb7
Ra8 39. Kc3 h5 40. Kb3 a4+ 41. Ka3 Ra6 42. Rc7 Kf6 43. Rb7 Rc6 44. Kxa4 Rc2
45. Rb5 Rxh2 46. d5 exd5 47. Rxd5 Rh3 48. Rg5 h4 49. Rg4 hxg3 50. Rg5 Rh4
51. Rxg3 Rxf4+ 52. Kb3 Rd4 53. Kc3 Rd8 0-1

[Event "Najdorf Memorial"]
[Site "Warsaw POL"]
[Date "2023.07.17"]
[Round "7.37"]
[White "Klim, Filip"]
[Black "Rasmussen, Jonas H"]
[Result "1/2-1/2"]
[WhiteElo "2006"]
[BlackElo "1970"]

1. e4 e5 2. Nf3 Nc6 3. Nc3 Nf6 4. d4 exd4 5. Nxd4 Bc5 6. Be3 Bb6 7. Qd2 d6
8. f3 Qe7 9. O-O-O Bd7 10. g4 Nxd4 11. Bxd4 Bxd4 12. Qxd4 Qe5 13. Qd2 O-O-O
14. Bc4 Rhf8 15. Rhe1 h6 16. h3 g5 17. Qf2 Kb8 18. Kb1 Ng8 19. Nd5 f6 20.
f4 Qe8 21. Qd4 Bc6 22. Re3 Qd7 23. Ra3 b6 24. Nb4 Bb7 25. Na6+ Bxa6 26.
Bxa6 Ne7 27. f5 c5 28. Qc4 Nc6 29. Bb5 Qc7 30. Bxc6 Qxc6 31. Qd5 Qxd5 32.
Rxd5 Rfe8 33. Re3 Kc7 34. c4 Rd7 35. Rd2 Rde7 36. Rde2 a6 37. Kc2 b5 38. b3
Kc6 39. Kd3 Kb6 40. h4 b4 41. hxg5 hxg5 42. Rh3 Kc6 43. Rh6 Rf7 44. Reh2
Rfe7 45. Re2 Rf7 1/2-1/2

[Event "Najdorf Memorial"]
[Site "Warsaw POL"]
[Date "2023.07.18"]
[Round "8.1"]
[White "Tomczak, Jacek"]
[Black "Kazakouski, Valery"]
[Result "1/2-1/2"]
[WhiteElo "2606"]
[BlackElo "2539"]

1. e4 e5 2. Nf3 Nc6 3. Bb5 Bc5 4. O-O d6 5. d4 exd4 6. Nxd4 Ne7 7. Bg5 Bxd4
8. Qxd4 O-O 9. Qd2 h6 10. Bh4 f5 11. exf5 Bxf5 12. Re1 g5 13. Bg3 a6 14.
Bc4+ Kh7 15. Nc3 Qd7 16. h4 gxh4 17. Bxh4 Ng6 18. Bg3 Nce5 19. Be2 c6 20.
Bh5 Nc4 21. Qd4 d5 22. Bxg6+ Bxg6 23. b3 Nd6 24. Nxd5 cxd5 25. Qxd5 Rad8
26. Rad1 Qf7 27. Bxd6 Qxf2+ 28. Kh1 Qh4+ 29. Kg1 Qf2+ 1/2-1/2

[Event "Najdorf Memorial"]
[Site "Warsaw POL"]
[Date "2023.07.18"]
[Round "8.2"]
[White "Sieciechowicz, Marcin"]
[Black "Sengupta, Deep"]
[Result "0-1"]
[WhiteElo "2395"]
[BlackElo "2456"]

1. d4 e6 2. c4 d5 3. Nc3 c6 4. Nf3 Nf6 5. Bg5 h6 6. Bh4 dxc4 7. e4 g5 8.
Bg3 b5 9. Be2 Bb7 10. h4 g4 11. Ne5 Nbd7 12. Nxd7 Qxd7 13. Be5 Be7 14. O-O
Rg8 15. g3 b4 16. Na4 Nxe4 17. Bxc4 c5 18. Qe2 f6 19. dxc5 Kf7 20. Bb5 Qd5
21. c6 Nd2 22. Rad1 Nf3+ 23. Kh1 Bxc6 24. Rxd5 Bxd5 25. Bc4 Nd4+ 26. Bxd5
Nxe2 27. Bxa8 fxe5 28. Re1 Nxg3+ 29. fxg3 Rxa8 30. Rxe5 Rc8 31. Re2 Bd6 32.
Kg2 h5 33. Rd2 Ke7 34. Re2 Rc1 35. b3 Ra1 36. Rd2 e5 37. Re2 Ke6 38. Kf2
Be7 39. Ke3 Rg1 40. Kf2 Rh1 41. Kg2 Ra1 42. Kf2 Kf5 43. Rd2 Bf8 44. Kg2 Ke6
45. Re2 Bd6 46. Kf2 Kf5 47. Rd2 Be7 48. Rd7 Rxa2+ 49. Ke3 Kf6 50. Kd3 Rg2
51. Rxa7 Rxg3+ 52. Ke4 Rg1 53. Nb6 Ke6 54. Nc4 Re1+ 55. Kd3 g3 56. Ra6+ Kf7
57. Ne3 e4+ 58. Kd2 Rxe3 59. Kxe3 Bc5+ 60. Kxe4 g2 0-1

[Event "Najdorf Memorial"]
[Site "Warsaw POL"]
[Date "2023.07.18"]
[Round "8.3"]
[White "Rozentalis, Eduardas"]
[Black "Deszczynski, Adam"]
[Result "1/2-1/2"]
[WhiteElo "2496"]
[BlackElo "2321"]

1. e4 c5 2. Nf3 d6 3. d4 cxd4 4. Qxd4 Nc6 5. Bb5 a6 6. Bxc6+ bxc6 7. O-O e5
8. Qd3 Ne7 9. c4 Ng6 10. b3 Be7 11. Nc3 O-O 12. h3 Be6 13. Rd1 Qc7 14. Ng5
Bxg5 15. Bxg5 h6 16. Be3 Rad8 17. Rac1 f5 18. exf5 Bxf5 19. Qe2 Qb7 20. Na4
d5 21. Bb6 Rde8 22. cxd5 Nf4 23. Qc4 cxd5 24. Qc7 Qa8 25. Kh2 d4 26. f3
Nxg2 27. Kxg2 Bxh3+ 28. Kh2 Qxf3 29. Rg1 Qf2+ 30. Kh1 Qf3+ 31. Kh2 Qf2+ 32.
Kh1 Rf7 33. Qc6 Re6 34. Qa8+ Rf8 35. Qb7 g5 36. Rc7 Qf3+ 37. Qxf3 Rxf3 38.
Re1 Rf1+ 39. Rxf1 Bxf1 40. Bc5 Bb5 41. Nb6 Rc6 42. Nd5 Rxc7 43. Nxc7 Kf7
44. Nxb5 1/2-1/2

[Event "Najdorf Memorial"]
[Site "Warsaw POL"]
[Date "2023.07.18"]
[Round "8.4"]
[White "Romanishin, Oleg M"]
[Black "Jakubowski, Krzysztof"]
[Result "1/2-1/2"]
[WhiteElo "2389"]
[BlackElo "2486"]

1. Nf3 d5 2. g3 Nc6 3. d4 Bf5 4. Bg2 Nb4 5. Na3 e6 6. O-O Nf6 7. Bf4 Bd6 8.
Be5 O-O 9. c4 a5 10. Bxf6 Qxf6 11. c5 Be7 12. Nb5 c6 13. Nc3 h5 14. a3 Na6
15. h4 Bd8 16. b4 Nb8 17. Ne5 Bc7 18. f4 Rd8 19. b5 Bxe5 20. fxe5 Qg6 21.
Qe1 f6 22. exf6 Qxf6 23. Rd1 Qg6 24. e4 Bg4 25. Rd2 Nd7 26. Rdf2 Rab8 27.
b6 Nf6 28. e5 Nh7 29. Qd2 Rf8 30. Kh2 Rxf2 31. Rxf2 Rf8 32. Rxf8+ Nxf8 33.
Kg1 1/2-1/2

[Event "Najdorf Memorial"]
[Site "Warsaw POL"]
[Date "2023.07.18"]
[Round "8.5"]
[White "Gagare, Shardul"]
[Black "Cukrowski, Filip"]
[Result "1/2-1/2"]
[WhiteElo "2480"]
[BlackElo "2378"]

1. d4 d5 2. c4 c6 3. Nf3 Nf6 4. g3 a6 5. b3 Bf5 6. Bg2 h6 7. O-O e6 8. Nc3
Be7 9. Nd2 O-O 10. Bb2 Nbd7 11. a3 Re8 12. b4 b5 13. c5 Qc7 14. a4 e5 15.
axb5 axb5 16. Nb3 e4 17. Rxa8 Rxa8 18. f3 exf3 19. Bxf3 1/2-1/2

[Event "Najdorf Memorial"]
[Site "Warsaw POL"]
[Date "2023.07.18"]
[Round "8.6"]
[White "Zubova, Mariya"]
[Black "Jarmula, Lukasz"]
[Result "0-1"]
[WhiteElo "2163"]
[BlackElo "2435"]

1. e4 d6 2. d4 Nf6 3. Nc3 Nc6 4. Nf3 g6 5. h3 Bg7 6. Be3 a6 7. a4 O-O 8.
Be2 e6 9. O-O b6 10. Nd2 Bb7 11. f4 e5 12. dxe5 dxe5 13. f5 Nd4 14. Bd3 Nh5
15. Qg4 Qe7 16. Bg5 Qc5 17. Kh1 b5 18. axb5 axb5 19. Rxa8 Bxa8 20. Be3 b4
21. Ne2 Qc6 22. Nxd4 exd4 23. Bf2 Bb7 24. Nb3 Qd6 25. Qf3 c5 26. g4 Nf6 27.
g5 Nd7 28. f6 Bh8 29. Nd2 Ne5 30. Qg3 Qe6 31. b3 Ra8 32. Nf3 Nxd3 33. cxd3
Qxb3 34. Ne5 Qe6 35. Ng4 Rc8 36. Nh6+ Kf8 37. Qh2 b3 38. Kg1 Ba6 39. Rb1
Ke8 40. Ng8 Bxd3 41. Rb2 Kd7 42. Ne7 Ra8 43. e5 Ra1+ 0-1

[Event "Najdorf Memorial"]
[Site "Warsaw POL"]
[Date "2023.07.18"]
[Round "8.7"]
[White "Kowalski, Igor"]
[Black "Mickiewicz, Piotr"]
[Result "1-0"]
[WhiteElo "2380"]
[BlackElo "2245"]

1. e4 c5 2. Nf3 d6 3. d4 Nf6 4. Nc3 cxd4 5. Nxd4 a6 6. Be2 e6 7. O-O Qc7 8.
f4 Be7 9. Be3 O-O 10. g4 Re8 11. g5 Nfd7 12. h4 b5 13. Bf3 b4 14. Nce2 e5
15. Nf5 Bf8 16. c3 a5 17. Rc1 Nc6 18. cxb4 axb4 19. h5 Nc5 20. g6 hxg6 21.
hxg6 Be6 22. Bh5 fxg6 23. Bxg6 Bf7 24. Bxf7+ Qxf7 25. Neg3 exf4 26. Rxf4
Qe6 27. Qh5 g6 28. Nh6+ Bxh6 29. Qxh6 Ne5 30. Rcf1 Ng4 31. Qg5 Ne5 32. Rf6
Qd7 33. Nf5 Re6 34. Bxc5 dxc5 35. Nh6+ Kg7 36. Ng4 Qd4+ 37. Ne3 Raa6 38.
Rf8 c4 39. Rd8 Qc5 40. Kg2 Rf6 41. Rd5 1-0

[Event "Najdorf Memorial"]
[Site "Warsaw POL"]
[Date "2023.07.18"]
[Round "8.8"]
[White "Sriram, Jha"]
[Black "Fiszer, Bartosz"]
[Result "1-0"]
[WhiteElo "2315"]
[BlackElo "2194"]

1. d4 Nf6 2. c4 g6 3. g3 c6 4. Bg2 d5 5. Qa4 Nbd7 6. cxd5 Nb6 7. Qb3 cxd5
8. Nf3 Bg7 9. O-O O-O 10. Nc3 Bf5 11. Bf4 Ne4 12. Rfc1 Rc8 13. Nb5 a6 14.
Na3 Nd6 15. Rxc8 Bxc8 16. Qb4 Bf5 17. b3 Be4 18. Rc1 Nbc8 19. Nb1 a5 20.
Qd2 Nb5 21. Nc3 Nxc3 22. Qxc3 Nd6 23. Bxd6 Qxd6 24. Qxa5 Bxf3 25. Bxf3 Bxd4
26. Qxd5 Qxd5 27. Bxd5 b6 28. b4 Rd8 29. Bb3 Bb2 30. Rc7 e6 31. Rc6 Rb8 32.
a4 b5 33. a5 Ba3 34. a6 Bxb4 35. Bc2 Bf8 36. Be4 Ra8 37. Rb6 Ra7 38. Bb7 b4
39. e4 Be7 40. Kf1 Kf8 41. f4 Ke8 42. e5 h5 43. Ke2 Kd7 44. Kf3 Bc5 45. Rc6
Be7 46. h3 f6 47. Ke4 fxe5 48. Kxe5 Bd8 49. Rd6+ Ke7 50. Rxe6+ Kf7 51. Kd5
b3 52. Re3 b2 53. Rb3 Bf6 54. Ke4 Ke7 55. Kd3 Kd6 56. Rb5 Ke7 57. Kc2 Ke6
58. Rb6+ Ke7 59. Kb1 Kf7 60. Bd5+ 1-0

[Event "Najdorf Memorial"]
[Site "Warsaw POL"]
[Date "2023.07.18"]
[Round "8.9"]
[White "Rozycki, Bartlomiej"]
[Black "Kaczmarek, Aleksander"]
[Result "1-0"]
[WhiteElo "2135"]
[BlackElo "2313"]

1. d4 Nf6 2. c4 g6 3. Nc3 Bg7 4. e4 d6 5. Nf3 O-O 6. Be2 e5 7. Be3 Ng4 8.
Bg5 f6 9. Bh4 g5 10. Bg3 Nh6 11. c5 Nc6 12. cxd6 cxd6 13. dxe5 dxe5 14.
Bc4+ Kh8 15. Qxd8 Rxd8 16. O-O Bg4 17. h4 Bxf3 18. gxf3 Nd4 19. Kg2 Ng8 20.
Rfd1 Ne7 21. hxg5 fxg5 22. Nb5 Nec6 23. Nxd4 Nxd4 24. Rac1 Rd7 25. Be6 Re7
26. Bd5 Rd8 27. Rc4 h5 28. Rh1 Bf6 29. Rxh5+ Kg7 30. Rc1 Rh8 31. Rxh8 Kxh8
32. Rc8+ Kg7 33. Kf1 Kg6 34. Ke1 Nxf3+ 35. Ke2 g4 36. Kd3 Rd7 37. b4 Bg7
38. a4 Kf6 39. a5 Bh6 40. b5 Ke7 41. Rg8 Rc7 42. b6 axb6 43. axb6 Rd7 44.
Kc4 Bf8 45. Rxg4 Rd6 46. Kb5 Nd4+ 47. Ka5 Nc6+ 48. Ka4 Kd7 49. Rg8 Rf6 50.
Kb5 Rf3 51. Bxc6+ bxc6+ 52. Kc4 Kc8 53. Bxe5 Kb7 54. Bd4 Rf4 55. Rh8 c5 56.
Bxc5 Rxe4+ 57. Kd5 Bxc5 58. Kxc5 Rf4 59. Rh7+ Kb8 60. Rh2 Kc8 61. Kd6 Rf6+
62. Ke7 Rf3 63. Ke6 Rf8 64. Ke7 Rf4 65. Rh8+ Kb7 66. Rf8 Re4+ 67. Kd6 Kxb6
68. Rb8+ Ka5 69. Rb2 Re1 70. f4 Ka4 71. f5 Rf1 72. Ke6 Ka3 73. Rb7 Ka4 74.
f6 Ka5 75. f7 Re1+ 76. Kd7 Ka6 77. f8=Q Rd1+ 78. Kc8 Rd8+ 79. Kxd8 1-0

[Event "Najdorf Memorial"]
[Site "Warsaw POL"]
[Date "2023.07.18"]
[Round "8.10"]
[White "Yezhel, Valiantsin"]
[Black "Zdybel, Przemyslaw"]
[Result "1/2-1/2"]
[WhiteElo "2284"]
[BlackElo "2188"]

1. d4 Nf6 2. c4 e6 3. Nc3 Bb4 4. e3 O-O 5. Ne2 Re8 6. a3 Bf8 7. d5 c6 8.
Nf4 exd5 9. cxd5 b5 10. Be2 a5 11. Bf3 Ba6 12. d6 g5 13. Nh5 Nxh5 14. Bxh5
b4 15. Qf3 Bc4 16. axb4 Na6 17. bxa5 Nb4 18. Ra4 Nd3+ 19. Kd2 Ne5 20. Qf5
Rxa5 21. Rxa5 Qxa5 22. Qxg5+ Bg7 23. f4 h6 24. Qg3 Nd3 25. Be2 Re6 26. f5
Rg6 27. fxg6 Bxc3+ 28. Kc2 Qa4+ 29. Kxc3 Qb4+ 30. Kc2 Qb3+ 1/2-1/2

[Event "Najdorf Memorial"]
[Site "Warsaw POL"]
[Date "2023.07.18"]
[Round "8.11"]
[White "Tsiapko, Andrii"]
[Black "Cherniaiev, Tykhon"]
[Result "1/2-1/2"]
[WhiteElo "1996"]
[BlackElo "2331"]

1. d4 Nf6 2. Nf3 g6 3. Nbd2 d5 4. b4 Bg7 5. e3 O-O 6. c4 a5 7. b5 c5 8.
bxc6 Nxc6 9. Be2 dxc4 10. Nxc4 b5 11. Nce5 Nxe5 12. Nxe5 Bb7 13. O-O e6 14.
Bf3 Bxf3 15. Qxf3 Qd5 16. Qxd5 Nxd5 17. Bd2 Rfc8 18. Rfc1 Bxe5 19. dxe5 Nb6
20. Rxc8+ Rxc8 21. Bxa5 Nc4 22. Be1 Nxe5 23. Kf1 Nd3 24. Rb1 Rc2 25. Rb3
Nxe1 26. Kxe1 Rxa2 27. Rxb5 1/2-1/2

[Event "Najdorf Memorial"]
[Site "Warsaw POL"]
[Date "2023.07.18"]
[Round "8.12"]
[White "Jarzebowski, Kacper"]
[Black "Chomczyk, Marek"]
[Result "0-1"]
[WhiteElo "2134"]
[BlackElo "2277"]

1. d4 e6 2. Nf3 f5 3. c4 Nf6 4. Bf4 b6 5. Nc3 Bb7 6. g3 Bb4 7. Bd2 c5 8.
Bg2 Ne4 9. Rc1 O-O 10. O-O Qf6 11. d5 Bxc3 12. Bxc3 Nxc3 13. Rxc3 e5 14.
Nd2 d6 15. Rf3 Qe7 16. Qc2 Bc8 17. Bh3 g6 18. e4 f4 19. Bxc8 Rxc8 20. gxf4
exf4 21. e5 Qxe5 22. Qe4 Rf8 23. Qxe5 dxe5 24. Re1 Nd7 25. Ne4 Kg7 26. Ra3
a5 27. Rb3 h6 28. a3 g5 29. h3 Kg6 30. f3 Rfb8 31. Rb5 a4 32. Nc3 Kf5 33.
b4 axb3 34. a4 h5 35. Rxb3 Rg8 36. Rb2 g4 37. hxg4+ hxg4 38. Rh2 gxf3+ 39.
Kf1 Rh8 40. Rf2 Rh1# 0-1

[Event "Najdorf Memorial"]
[Site "Warsaw POL"]
[Date "2023.07.18"]
[Round "8.14"]
[White "Mulawa, Cyprian"]
[Black "Janeczko, Jakub"]
[Result "1-0"]
[WhiteElo "2202"]
[BlackElo "2085"]

1. Nf3 Nf6 2. g3 g6 3. b3 Bg7 4. Bb2 d6 5. c4 O-O 6. Bg2 e5 7. d3 c5 8. O-O
Nc6 9. Nc3 a6 10. e3 Re8 11. a3 Rb8 12. Nd2 Bd7 13. Nde4 Qe7 14. Nxf6+ Qxf6
15. b4 Qd8 16. Ne4 Qe7 17. b5 axb5 18. cxb5 Na7 19. a4 Be6 20. Nc3 f5 21.
a5 Qf7 22. b6 Nc8 23. Nb5 Re7 24. Re1 Ra8 25. Qd2 d5 26. Ba3 Qe8 27. Rab1
Qf7 28. Bxc5 Rd7 29. Rec1 f4 30. exf4 Bh6 31. Nc7 Rxc7 32. bxc7 exf4 33.
Rxb7 Bg4 34. Rb8 Ra6 35. h3 Bd7 36. Re1 Rc6 37. Re7 Qf5 38. g4 1-0

[Event "Najdorf Memorial"]
[Site "Warsaw POL"]
[Date "2023.07.18"]
[Round "8.15"]
[White "Markowski, Damian"]
[Black "Padalka, Artem"]
[Result "0-1"]
[WhiteElo "2104"]
[BlackElo "2158"]

1. d4 Nf6 2. Bf4 c5 3. e3 g6 4. Nf3 Bg7 5. c3 O-O 6. Be2 d6 7. h3 cxd4 8.
exd4 Nd5 9. Bg3 Nc6 10. O-O e5 11. dxe5 dxe5 12. Bb5 e4 13. Bxc6 bxc6 14.
Nd4 Bd7 15. Ne2 g5 16. Na3 f5 17. Bd6 Re8 18. c4 Nb6 19. Nc3 Be6 20. c5 Nd5
21. Qa4 Nxc3 22. bxc3 Bxc3 23. Rab1 Qa5 24. Qxa5 Bxa5 25. Nc2 Bc4 26. Rfc1
Bd3 27. Nd4 f4 28. Rb3 Rac8 29. Nf5 Kf7 30. Rb7+ Kf6 31. g4 e3 32. Be7+
Rxe7 33. Nxe7 Re8 34. Nxc6 Bd2 35. Nb4 Be4 36. Rd7 Bxc1 37. Kf1 Ba3 38.
Rd6+ Re6 39. fxe3 Rxd6 40. cxd6 Bxb4 0-1

[Event "Najdorf Memorial"]
[Site "Warsaw POL"]
[Date "2023.07.18"]
[Round "8.16"]
[White "Praczukowski, Stanislaw"]
[Black "Taranowicz, Michal"]
[Result "0-1"]
[WhiteElo "2147"]
[BlackElo "2005"]

1. d4 e6 2. c4 c5 3. d5 exd5 4. cxd5 d6 5. Nc3 g6 6. Nf3 Bg7 7. Nd2 a6 8.
a4 Nd7 9. e4 Ne7 10. Nc4 Ne5 11. Nxe5 Bxe5 12. Bc4 f5 13. O-O f4 14. g3 O-O
15. gxf4 Bxf4 16. Bxf4 Rxf4 17. Qd3 g5 18. Ne2 Rg4+ 19. Kh1 Ng6 20. f3 Rh4
21. Qc3 a5 22. Rg1 Qe7 23. Raf1 Bh3 24. Rf2 Rf8 25. Rg3 Bd7 26. Qe3 h6 27.
f4 Qf6 28. e5 Nxe5 0-1

[Event "Najdorf Memorial"]
[Site "Warsaw POL"]
[Date "2023.07.18"]
[Round "8.17"]
[White "Wiech, Grzegorz"]
[Black "Dmochowska, Agnieszka"]
[Result "1-0"]
[WhiteElo "2140"]
[BlackElo "1977"]

1. e4 e6 2. d4 d5 3. Nc3 Nf6 4. Bg5 Be7 5. e5 Nfd7 6. Bxe7 Qxe7 7. f4 a6 8.
Qd2 c5 9. Nf3 Nc6 10. O-O-O O-O 11. dxc5 Nxc5 12. Nd4 Bd7 13. Kb1 b5 14.
Nxc6 Bxc6 15. Ne2 Ne4 16. Qe3 b4 17. Nd4 Bb5 18. Bd3 Qb7 19. Bxe4 dxe4 20.
Rhe1 Bc4 21. Qxe4 Bd5 22. Qe3 a5 23. f5 a4 24. Qg5 f6 25. exf6 Rxf6 26.
Nxe6 h6 27. Qg4 b3 28. Rxd5 Rxe6 29. fxe6 bxc2+ 30. Kc1 Qxd5 31. e7 Kf7 32.
Rf1+ Kxe7 33. Qxg7+ Kd6 34. Qg6+ Ke7 35. Qf6+ Kd7 36. Qf7+ Qxf7 37. Rxf7+
Ke6 38. Rh7 Rc8 39. Rxh6+ Kf5 40. Rh4 a3 41. b4 Rc3 42. Rh3 1-0

[Event "Najdorf Memorial"]
[Site "Warsaw POL"]
[Date "2023.07.18"]
[Round "8.18"]
[White "Mirski, Stanislaw"]
[Black "Kazmierowski, Tymon"]
[Result "1-0"]
[WhiteElo "2139"]
[BlackElo "1993"]

1. d4 Nf6 2. Nf3 e6 3. g3 b5 4. Bg2 Bb7 5. O-O c5 6. Na3 a6 7. c4 b4 8. Nc2
cxd4 9. a3 bxa3 10. b4 Qc7 11. Qxd4 Nc6 12. Qc3 Ne4 13. Qb3 a5 14. b5 a4
15. Qd3 Na5 16. Nxa3 Nb3 17. Bf4 Qb6 18. Ra2 Bc5 19. e3 d6 20. Rd1 O-O 21.
Nd4 Bxa3 22. Bxe4 Nc5 23. Bxh7+ Kh8 24. Qb1 e5 25. Bc2 exf4 26. Rxa3 fxg3
27. hxg3 Rfe8 28. Nf5 Ne4 29. Qb2 Re5 30. Bxe4 Bxe4 31. Nxd6 Rh5 32. Nxe4
Qh6 33. Rad3 Rh1+ 34. Kg2 Qh3+ 35. Kf3 Qf5+ 36. Ke2 Qxe4 37. Rxh1+ Qxh1 38.
b6 Qh5+ 39. Ke1 Qh1+ 40. Ke2 Qh5+ 41. Kd2 Qa5+ 42. Kc2 Rc8 43. b7 Rb8 44.
Qb5 Qe1 45. Qh5+ Kg8 46. Rd2 Qa1 47. Qb5 a3 48. c5 Qe5 49. Kb3 Qe4 50. Kxa3
Qe7 51. Rb2 g6 52. Ka4 Qe4+ 53. Ka5 Qe5 54. Rb4 Qc7+ 55. Ka6 Kg7 56. Qb6
Qe5 57. Qd6 Qa1+ 58. Kb6 Qa8 59. c6 Kg8 60. Qxb8+ 1-0

[Event "Najdorf Memorial"]
[Site "Warsaw POL"]
[Date "2023.07.18"]
[Round "8.19"]
[White "Ladan, Nicholas"]
[Black "Zheng, Harry Z"]
[Result "1-0"]
[WhiteElo "2260"]
[BlackElo "2063"]

1. d4 Nf6 2. Bf4 d5 3. e3 e6 4. Nf3 c5 5. Nbd2 Bd6 6. c3 O-O 7. Bd3 Bxf4 8.
exf4 b6 9. Qe2 a5 10. O-O Ba6 11. Bxa6 Nxa6 12. Ne5 Nc7 13. a4 Nce8 14.
dxc5 bxc5 15. b4 cxb4 16. cxb4 axb4 17. Rfb1 Qb6 18. Qe3 d4 19. Ndc4 Qd8
20. Qd2 Nd6 21. Rxb4 Nde4 22. Qb2 Nd5 23. Nb6 Nxb4 24. Qxb4 Ra6 25. a5 f6
26. Nc6 Qd6 27. Qc4 Nc5 28. Qb5 d3 29. g3 Rf7 30. Nb4 Raa7 31. Nc8 Qd7 32.
Nxa7 Qxa7 33. Nc6 Qc7 34. Qxc5 Rd7 35. Rd1 Kf7 36. Rxd3 1-0

[Event "Najdorf Memorial"]
[Site "Warsaw POL"]
[Date "2023.07.18"]
[Round "8.20"]
[White "Slomczewski, Michal"]
[Black "Mueller, Magnus"]
[Result "1-0"]
[WhiteElo "2101"]
[BlackElo "2201"]

1. e4 c6 2. d4 d5 3. exd5 cxd5 4. c4 Nf6 5. Nc3 Nc6 6. Nf3 a6 7. c5 g6 8.
Be2 Bg7 9. O-O O-O 10. a3 Ne4 11. Na4 Bg4 12. Nb6 Ra7 13. Be3 f5 14. g3 e6
15. Kg2 g5 16. Ng1 Bxe2 17. Nxe2 f4 18. f3 Nxc5 19. dxc5 fxe3 20. Qb3 Qe7
21. Qxe3 d4 22. Qe4 Rf5 23. Nc8 Qd7 24. Nxa7 Nxa7 25. f4 Rxc5 26. fxg5 Re5
27. Qg4 Qd5+ 28. Kh3 Rxg5 29. Nf4 Rxg4 30. Nxd5 Re4 31. Ne7+ Kh8 32. Rac1
Nc6 33. Nxc6 bxc6 34. Rxc6 d3 35. Rc8+ 1-0

[Event "Najdorf Memorial"]
[Site "Warsaw POL"]
[Date "2023.07.18"]
[Round "8.21"]
[White "Kowalczyk, Rafal"]
[Black "Biesiadecki, Adam"]
[Result "1-0"]
[WhiteElo "2173"]
[BlackElo "2015"]

1. e4 c5 2. Nf3 Nc6 3. d4 cxd4 4. Nxd4 e5 5. Nb5 d6 6. c4 a6 7. N5a3 Be7 8.
Nc3 Be6 9. Nc2 Nf6 10. Be2 O-O 11. O-O Rc8 12. Be3 Na5 13. b3 b5 14. Nd5
Bxd5 15. exd5 bxc4 16. b4 Nb7 17. Na3 a5 18. Nxc4 axb4 19. Rb1 Nc5 20. Rxb4
Na6 21. Rb1 Nc7 22. Nb6 Rb8 23. a4 Ne4 24. Qc2 Nc5 25. a5 f5 26. f3 f4 27.
Bf2 Na8 28. Nc4 Qc7 29. Rfc1 Rfc8 30. Rxb8 Rxb8 31. Rb1 Na6 32. Rxb8+ Nxb8
33. Bd3 g6 34. h4 Na6 35. Bxg6 hxg6 36. Qxg6+ Kf8 37. h5 Qd8 38. h6 Bf6 39.
Bh4 Bxh4 40. Qg7+ Ke8 41. h7 Be1 42. h8=Q# 1-0

[Event "Najdorf Memorial"]
[Site "Warsaw POL"]
[Date "2023.07.18"]
[Round "8.22"]
[White "Gorkiewicz, Mateusz"]
[Black "Wojtaszewski, Piotr"]
[Result "1-0"]
[WhiteElo "2122"]
[BlackElo "1994"]

1. e4 e6 2. d4 d5 3. Nc3 Bb4 4. e5 c5 5. Bd2 Ne7 6. Nb5 O-O 7. c3 Ba5 8.
dxc5 a6 9. Nd4 Bc7 10. Ngf3 Ng6 11. Bd3 Nd7 12. Bxg6 hxg6 13. Qe2 Nxc5 14.
h4 f6 15. h5 gxh5 16. Rxh5 Qe8 17. Rh4 Qg6 18. exf6 Rxf6 19. Bg5 Rf7 20.
O-O-O Rxf3 21. Nxf3 Bd7 22. Qc2 Be8 23. Qxg6 Bxg6 24. Ne1 Rf8 25. Be7 Rf4
26. g3 Rxh4 27. Bxh4 Bb6 28. f3 Nd7 29. Kd2 Ne5 30. b3 d4 31. cxd4 Bxd4 32.
Ke2 Nc6 33. Nd3 e5 34. g4 e4 35. Nf4 exf3+ 36. Kxf3 Bc2 37. Rd2 Bb1 38. Bf2
Bc3 39. Re2 Kf7 40. Kg3 Be5 41. Kf3 Bb8 42. g5 g6 43. Nd5 Ne5+ 44. Kg2 Ke6
45. Nc3 Bd3 46. Re3 Kf5 47. Bg3 Bc2 48. Kf1 b5 49. Ne2 Ng4 50. Rf3+ Ke4 51.
Bxb8 Kxf3 52. Nd4+ Ke3 53. Nxc2+ Kd2 54. Nb4 a5 55. Nc6 a4 56. Bf4+ Kc3 57.
bxa4 bxa4 58. Ne5 Kb2 59. Nxg4 Kxa2 60. Ne5 Kb3 61. Nxg6 Kc4 62. Be5 Kd5
63. Ba1 Ke6 64. Nh4 Kf7 65. Kg2 1-0